Religion catholique : l'Agneau de Dieu - Statistiques

Statistiques générales
  • Ce quiz a été pris 28 fois
  • Le résultat moyen est 7 sur 16
Statistiques - réponses
Questions Réponses % Correct
Incarnation de Dieu à Qui est attribué le titre d'Agneau de Dieu. Jésus Christ
100%
Fête liturgique, commémorant la victoire précédente, à laquelle le symbole de l'Agneau est souvent attaché. Pâques
83%
Dîner biblique qui est reproduit dans la messe par le rite précédent. La Cène
71%
Victoire de l'Agneau de Dieu sur la mort qui permet que soient ôtés les péchés du monde. La résurrection
71%
Méthode d'exécution antique atroce et dégradante par laquelle l'Agneau de Dieu (réponse #1) a été sacrifié. La crucifixion
67%
Personnage biblique qui dans l'Évangile selon saint Jean, personnage présente « l'Agneau de Dieu », « Celui qui ôte le péché du monde » (Jean 1.29) Saint Jean Baptiste
46%
Ville bourguignonne dont l'hospice célèbre pour sa toiture remarquable abrite depuis le XVe siècle la "Tapisserie de l'Agneau de Dieu". Beaune
38%
Musée français où le retable a été conservé de 1799 à 1815 après qu'il a été volé par les Révolutionnaires. Le Louvre
33%
L'Agneau désigne le Précédent dans Son rôle de ______ sacrificielle Qui ôte les péchés du monde, sacrifice ultime et parfait. Victime
33%
Pays actuel dans lequel se situe la mine d'Altaussee où les Alliés ont retrouvé "L'Agneau mystique" en 1945, après qu'il a été volé par les Nationaux-socialistes allemands. L'Autriche
25%
Nom donné aux sacrifices d'agneaux, entièrement immolés dans l'Ancien Testament, sacrifices abolis par le sacrifice ultime de l'Agneau de Dieu. Un holocauste
25%
Ville belge dont la cathédrale Saint Bavon abrite le retable précédent. Gand
21%
Livre de la Bible dans lequel on peut lire le verset suivant (Crampon 5.12) : « Ils disaient d'une voix forte : "l'Agneau qui a été immolé est digne de recevoir la puissance, la richesse, la sagesse, la force, l'honneur, la gloire et la bénédiction." » L'Apocalypse
21%
Rite liturgique essentiel de la messe pendant lequel est chanté l'hymne Agnus Dei : la _____ des pains. Fraction
17%
Film réalisé par George Clooney qui suit le groupe éponyme chargé de récupérer les œuvres d'art dérobées par les Nationaux-socialistes et de les restituer à ses propriétaires, notamment "L'Agneau mystique". Monuments' Men
8%
Frères flamands auteurs du célèbre polyptique "L'Agneau mystique" ou "Adoration de l'Agneau mystique". Hubert et Jan Van Eyck
4%
Aucun quiz correspondant
Distribution des résultats
% des personnes avec chaque résultat
Percentile par nombre de réponses
Votre historique - résultats
Vous n’avez pas pris ce quiz